| 000 | 00523nam a2200193Ia 4500 | ||
|---|---|---|---|
| 003 | LK-CoDNM | ||
| 005 | 20240419130954.0 | ||
| 008 | 010623t1951 xxu||||| |||| 00| 1 Pali d | ||
| 040 |
_aLK-CoDNM _dLK-CoDNM _eLK-CoDNM |
||
| 041 |
_aPali _asin |
||
| 080 | _aJ 60 | ||
| 100 | _aPragnakeerthi Thero, Kotahene | ||
| 245 | _aසාහිත්ය කථා-3 | ||
| 246 | _aSaahithya Kathaa-3 | ||
| 260 |
_bK.A Ariyadasa _aMaradana _c1951 |
||
| 300 | _b172P.,18 cm | ||
| 650 | _aDhamma Pradeepikaawa i-ix | ||
| 942 | _cBK | ||
| 999 |
_c102422 _d102422 |
||